01594 am a2200445 a 450000500170000000800410001702000150005804100080007310000230008124500680010425000460017226000330021830000110025150001160026265300240037865300170040265300260041965300490044565300280049465300350052265300240055765300340058165300190061565300160063465300350065065300300068565300580071565300300077365300340080365300460083765300160088365300440089965300260094365300230096965300280099265300230102065300370104365300480108070000200112820240625082516.0100624s2005||||mx a f |||| 001 0 spa d a9706864253 aspa1 aSerway, Raymond A. aFísica para Ciencia e Ingeniería.bT.2 /cRaymond A. Serway a6a ed.bTraducción Jorge Humberto Romo. aMéxico: bThompson;c2005. a848 p. aSerway, R. A. y Jewett, J. W. (2005). Física para Ciencia e Ingeniería. T.2 (6a ed.). México : Thompson.  aCampos eléctricos aLey de gauss aPotencial eléctrico aCapacitancia y los materiales dieléctricos aCorriente y resistencia aCircuitos de corriente directa aCampos magnéticos aFuentes del campo magnético aLey de Faraday aInductancia aCircuitos de corriente alterna aOndas electromagnéticas aNaturaleza de la luz y leyes de óptica geométrica aFormación de imágenes aInterferencia de ondas de luz aPatrones de difracción y polarización aRelatividad aIntroducción a la física cuántica aMecánica cuántica aFísica atómica aMoléculas y sólidos aEstructura nuclear aAplicaciones de física nuclear aFísica y cosmología de las partículas1 aJewett, John W.